Normal view
MARC view
Entry Topical Term
001 - CONTROL NUMBER
- control field: 55057
003 - CONTROL NUMBER IDENTIFIER
- control field: OSt
005 - DATE AND TIME OF LATEST TRANSACTION
- control field: 20241011161711.0
008 - FIXED-LENGTH DATA ELEMENTS
- fixed length control field: 241011|| aca||aabn | a|a d
040 ## - CATALOGING SOURCE
- Original cataloging agency: OSt
- Transcribing agency: OSt
150 ## - HEADING--TOPICAL TERM
- Topical term or geographic name entry element: စေတီပုထိုး
- Form subdivision: သမိုင်း
670 ## - SOURCE DATA FOUND
- Source citation: Work cat.: (OSt)16684: ဓမ္မာစာရ၊ အရှင်(အစိုးရဓမ္မာအရိယ) 17308, စန္ဒကူးမွှေးထုံ-ဂန္ဓာရုံဟု အမည်ရသော ကျောင်းတော်ရာစေတီတော်သမိုင်း /, ၁၉၇၈။